000 00549nam a2200157 i 4500
001 46710
003 ES-MaACL
005 20230906161431.0
007 t|
008 030331s1917 sp ||||1| spa d
110 2 _aAsociación Española para el Progreso de las Ciencias.
_bCongreso (
_n6º.
_d1917.
_cSevilla)
_935
245 1 0 _aAsociación Española para el Progreso de las Ciencias
_b: sexto congreso celebrado en Sevilla.
260 _aMadrid :
_b[s.n.,
_c1917] (
_fFortanet)
300 _a10 t. en 3 v. ;
_c24 cm.
852 _aES-MaACL
_jD-8663-65
999 _c46710
_d46710